Histoire commençant par la lettre Q - Statistiques

Statistiques générales
  • Ce quiz a été pris 18 228 fois
  • Le résultat moyen est 7 sur 20
Statistiques - réponses
Indice Réponse % Correct
Personnage créé en 1605 par Miguel de Cervantes qui se bat contre des moulins à vent Don {Quichotte}
94%
Région découverte il y a 600 ans par Jacques Cartier, et nom de la probable plus ancienne ville du Canada Québec
94%
Branche de la physique contre laquelle Einstein s'opposait en disant "Dieu ne joue pas aux dés !" Mécanique {quantique}
90%
Pays ayant acquis son indépendance du Royaume-Uni en 1971 Qatar
62%
Ce site peuplé depuis 3000 ans à l'époque pré-incaïque, est aujourd'hui une capitale d'Amérique du sud Quito
62%
Langue véhiculaire de la civilisation inca, encore pratiquée aujourd'hui par dix millions de personnes Quechua
50%
Ancienne unité de mesure qui valait 100 livres (soit environ 50kg) Quintal
45%
Dernière dynastie impériale à avoir régné sur la Chine de 1644 à 1912 Qing
42%
Divinité de la mythologie aztèque prenant la forme d'un serpent à plumes Quetzalcoatl
32%
Dans la Rome antique ils étaient chargés du trésor public et des finances de l'armée et des provinces Questeur
31%
Locution latine, littéralement "où vas-tu?", ayant donné naissance à de nombreuses oeuvres littéraires et musicales Quo vadis ?
31%
Particule élémentaire pouvant être plus petite que les protons dont la découverte a valu le prix nobel de physique 1969 à Murray Gell-Mann Quark
29%
La naissance du cocktail "Gin-tonic" s'explique par la présence naturelle de cette pante dans l'eau tonique qui était utilisée comme traitement contre la malaria Quinine
28%
La "Société religieuse des amis" Quakerisme
7%
Hospice fondé en 1260 à Paris dont le nom signifie littéralement qu'il comprenait 300 lits Quinze-Vingts
7%
Ville sainte du chiisme située dans l'actuelle Iran où est enterrée Fatimah Ma'sumeh, sœur du huitième Imam Qom
6%
Homme politique Philippin du début du XXème siècle ayant donné son nom à l'ancienne capitale et ville la plus peuplée de l'archipel Manuel L. Quezon
5%
Vice-président des États-Unis sous George Bush sénior Dan Quayle
3%
Homme politique norvégien ayant collobaré avec l'occupant nazi pendant la seconde guerre mondiale Vidkun Quisling
3%
Ce "Chemin de l'Inca" de près de 23000km à travers les Andes entre la Colombie et le Chili était un atout économique et politique majeur de l'empire Inca Qhapaq Ñan
1%
Aucun quiz correspondant
Distribution des résultats
% des personnes avec chaque résultat
Percentile par nombre de réponses
Votre historique - résultats
Vous n’avez pas pris ce quiz